Statystyki dla Państwa z którymi graniczy Francja

Kliknij tutaj aby rozwiązać quiz!

Ogólne statystyki

  • Ten quiz został rozwiązany 31 razy
  • Średni wynik to 8 z 10

Statystyki odpowiedzi

HintOdpowiedź% Poprawnych
odpowiedzBelgia
97%
odpowiedzNiemcy
93%
odpowiedzHiszpania
90%
odpowiedzMonako
83%
odpowiedzSzwajcaria
83%
odpowiedzWłochy
80%
odpowiedzAndora
77%
odpowiedzLuksemburg
77%
odpowiedzBrazylia
63%
odpowiedzSurinam
53%

Rozkład punktacji

Percentyl według liczby udzielonych odpowiedzi

Procent ludzi z każdym wynikiem

Twoja historia wyników

Nie rozwiązałeś tego quizu